00654nam a22002057a 4500999001500000001000600015003000900021005001700030008004100047040003900088082001900127245004900146250001200195260004100207300003000248650001800278710002300296942001200319952011700331 c1770d177011130BD-DhUAP20200216124427.0200216s2000 bg ||||| |||| 00| 0 eng d aBD-DhUAPbEng cBD-DhUAPdBD-DhUAP 223a345.05 CRI aUp-to-date criminal reference : b1994-1999. a1st ed. aDhaka : bDhaka Law Reports, c2000. axxii, 137 pages ;c26 cm. aCriminal law. aDhaka Law Reports. 2ddccBK 00102ddc4070aUAPCLbUAPCLcGeneral Stacksd2020-02-16o345.05 CRIp3010011130r2020-02-16t1w2020-02-16yBK